000 00445nam a22001697a 4500
003 CEME
005 20210628210430.0
008 210208b xxu||||| |||| 00| 0 eng d
040 _c.
082 _a297.7 ASH
100 _aThanvi, Muhammad Ashraf Ali Muhammad Ashraf Ali Thanvi
_911089
245 _aBuwadar-el-nawadar
260 _aLAHORE
_bIDARA ISLAMIYAT
_c1985
300 _a82
650 _aISLAM-FIQEY MASAYAL
_979385
942 _cBK
_2ddc
999 _c584429
_d584429